00257nam a22000977a 4500020001800000082001400018100001500032245004600047260005700093300000900150 a9787561955628 a951 ; HUA aYu Huaying a101 tips for living in ChinacYu Huaying  aBeijingbLanguage and culture university pressc2019 a213p